[Event "TOP 16"]
[Site "Marseille"]
[Date "2007.02.09"]
[Round "1.2"]
[White "Miton, Kamil"]
[Black "Kazhgaleyev, Murtas"]
[Result "1/2-1/2"]
[WhiteElo "2655"]
[BlackElo "2579"]
[PlyCount "121"]
[EventDate "2007.??.??"]
[WhiteTeam "Marseille"]
[BlackTeam "Cannes"]

1. e4 e5 2. Nf3 Nc6 3. Bb5 a6 4. Ba4 Nf6 5. O-O b5 6. Bb3 Bc5 7. a4 Rb8 8. c3
d6 9. d4 Bb6 10. a5 Ba7 11. h3 O-O 12. Be3 exd4 13. cxd4 Nb4 14. Nc3 Bb7 15.
Ng5 c5 16. e5 Nfd5 17. Qh5 h6 18. Nxf7 Qe8 19. dxc5 Rxf7 20. exd6 Qc6 21. Nxd5
Nxd5 22. Bxd5 Qxd5 23. Qxd5 Bxd5 24. Rfd1 Bc6 25. b4 Kf8 26. Rd4 Ke8 27. Rg4
Kd7 28. f3 Re8 29. Kf2 Re6 30. Rd1 h5 31. Rf4 Rxf4 32. Bxf4 g6 33. h4 Re8 34.
Rd3 Re6 35. Rd4 Rf6 36. Be5 Rf5 37. f4 Rf7 38. Rd3 Be4 39. Re3 Bd5 40. Rg3 Be4
41. Re3 Bd5 42. g3 Rf8 43. Bd4 Re8 44. c6+ Bxc6 45. Bxa7 Rxe3 46. Kxe3 Kxd6 47.
Kd4 Bd7 48. Bc5+ Kc6 49. Ke5 Bf5 50. Kf6 Bd3 51. Kg5 Kd5 52. g4 hxg4 53. Kxg4
Ke6 54. Kg5 Bc2 55. Kh6 Kf7 56. Bd4 Bd3 57. Kg5 Ke6 58. h5 gxh5 59. Kxh5 Bc2
60. Kh6 Kf7 61. Bc5 1/2-1/2

[Event "TOP 16"]
[Site "Marseille"]
[Date "2007.02.09"]
[Round "1.3"]
[White "Fontaine, Robert"]
[Black "Genov, Petar"]
[Result "1/2-1/2"]
[WhiteElo "2557"]
[BlackElo "2489"]
[PlyCount "57"]
[EventDate "2007.??.??"]
[WhiteTeam "Cannes"]
[BlackTeam "Marseille"]

1. d4 Nf6 2. c4 e6 3. Nc3 Bb4 4. Qc2 c5 5. dxc5 Qc7 6. Nf3 a6 7. g3 Bxc5 8. Bf4
d6 9. Bg2 h6 10. Rc1 Nc6 11. O-O e5 12. Nd5 Qd8 13. Be3 Bxe3 14. Nxe3 O-O 15.
Rfd1 Be6 16. Qb3 Qb8 17. Qa3 Rd8 18. Nd5 Nd7 19. Rd2 Bxd5 20. cxd5 Ne7 21. Bh3
Kf8 22. e4 Nf6 23. Rdc2 Nxe4 24. Nxe5 dxe5 25. Rc7 Nd6 26. Bd7 Ne4 27. Bh3 Nd6
28. Bd7 Ne4 29. Bh3 1/2-1/2

[Event "TOP 16"]
[Site "Marseille"]
[Date "2007.02.09"]
[Round "1.4"]
[White "Gozzoli, Yannick"]
[Black "Cornette, Matthieu"]
[Result "1/2-1/2"]
[WhiteElo "2453"]
[BlackElo "2482"]
[PlyCount "45"]
[EventDate "2007.??.??"]
[WhiteTeam "Marseille"]
[BlackTeam "Cannes"]

1. d4 Nf6 2. c4 e6 3. Nc3 Bb4 4. Nf3 d5 5. cxd5 exd5 6. Bg5 O-O 7. e3 c5 8.
dxc5 Nbd7 9. Rc1 Qa5 10. Nd2 Qxc5 11. Nb3 Qd6 12. Bd3 d4 13. Nxd4 Qd5 14. Nf3
Ne5 15. Ke2 Bxc3 16. Bxf6 Nxd3 17. Rxc3 Nf4+ 18. exf4 Qb5+ 19. Qd3 Qxb2+ 20.
Qc2 Qb5+ 21. Qd3 Qb2+ 22. Qc2 Qb5+ 23. Qd3 1/2-1/2

[Event "TOP 16"]
[Site "Marseille"]
[Date "2007.02.09"]
[Round "1.5"]
[White "Palac, Mladen"]
[Black "Garrido, Denis"]
[Result "1-0"]
[WhiteElo "2571"]
[BlackElo "2347"]
[PlyCount "93"]
[EventDate "2007.??.??"]
[WhiteTeam "Cannes"]
[BlackTeam "Marseille"]

1. d4 Nf6 2. c4 c5 3. d5 d6 4. Nc3 g6 5. e4 Bg7 6. h3 O-O 7. Bd3 Na6 8. Bg5 h6
9. Be3 e5 10. Qd2 Kh7 11. Nge2 Nc7 12. a3 b6 13. b4 Nfe8 14. g4 Qh4 15. O-O-O
Bd7 16. Rdg1 Qe7 17. Kd1 cxb4 18. axb4 Na6 19. Qb2 Nec7 20. h4 Rfc8 21. h5 g5
22. Qa3 Bf8 23. Kd2 Nb8 24. f3 Be8 25. Ra1 Nd7 26. Na4 a5 27. bxa5 bxa5 28. Nc1
Na6 29. Nb3 Qd8 30. Rhc1 Kg7 31. Ke1 Qf6 32. Be2 Qd8 33. Bd2 Nac5 34. Naxc5
Nxc5 35. Nxc5 Rxc5 36. Bb4 Qf6 37. Bxc5 dxc5 38. Qc3 Qf4 39. Rcb1 a4 40. Rb7
Bd6 41. Kd1 a3 42. Rxa3 Ba4+ 43. Ke1 Ra6 44. Qa1 Qh2 45. Rb2 Qg3+ 46. Kd2 Qf4+
47. Kd3 1-0

[Event "TOP 16"]
[Site "Marseille"]
[Date "2007.02.09"]
[Round "1.6"]
[White "Amigues, Emmanuel"]
[Black "Godena, Michele"]
[Result "0-1"]
[WhiteElo "2391"]
[BlackElo "2530"]
[PlyCount "62"]
[EventDate "2007.??.??"]
[WhiteTeam "Marseille"]
[BlackTeam "Cannes"]

1. d4 d5 2. c4 e6 3. Nc3 c6 4. Nf3 Nf6 5. Bg5 h6 6. Bh4 dxc4 7. e4 g5 8. Bg3 b5
9. Be2 Bb7 10. Qc2 Nbd7 11. Rd1 Be7 12. O-O Qa5 13. Ne5 Nxe5 14. Bxe5 Rf8 15.
f4 Nd7 16. Bg7 Rg8 17. Bxh6 b4 18. Qa4 Qb6 19. Nb1 gxf4 20. Kh1 O-O-O 21. Bxf4
Nf6 22. Nd2 Rxd4 23. Be3 Rxd2 24. Bxb6 Rxe2 25. Rf2 Rxf2 26. Bxf2 Nxe4 27. Bxa7
c3 28. Bd4 c5 29. Be3 Nf2+ 30. Bxf2 Bxg2+ 31. Kg1 Bc6+ 0-1

[Event "TOP 16"]
[Site "Marseille"]
[Date "2007.02.09"]
[Round "1.7"]
[White "Guidarelli, Laurent"]
[Black "Goldsztejn, Gildas"]
[Result "1-0"]
[WhiteElo "2450"]
[BlackElo "2303"]
[PlyCount "71"]
[EventDate "2007.??.??"]
[WhiteTeam "Cannes"]
[BlackTeam "Marseille"]

1. c4 c6 2. Nf3 d5 3. e3 Nf6 4. Qc2 e6 5. b3 Be7 6. Bb2 Nbd7 7. Nc3 a6 8. Be2
b5 9. Rg1 h6 10. g4 g5 11. O-O-O Bb7 12. d4 Qc7 13. Ne5 Nxe5 14. dxe5 Nd7 15.
f4 O-O-O 16. Kb1 Kb8 17. Rgf1 gxf4 18. exf4 Nc5 19. b4 d4 20. Nxb5 cxb5 21.
bxc5 b4 22. Bxd4 Bxc5 23. Bb2 Bg2 24. Rxd8+ Rxd8 25. Rd1 Rxd1+ 26. Qxd1 Be4+
27. Ka1 Qc6 28. Bd4 Be7 29. Be3 Bg6 30. f5 exf5 31. Qd5 Qxd5 32. cxd5 fxg4 33.
d6 Bg5 34. Bxg5 hxg5 35. Bxa6 Ka7 36. d7 1-0

[Event "TOP 16"]
[Site "Marseille"]
[Date "2007.02.09"]
[Round "1.8"]
[White "Delorme, Laurie"]
[Black "Leconte, Maria"]
[Result "0-1"]
[WhiteElo "2043"]
[BlackElo "2377"]
[PlyCount "52"]
[EventDate "2007.??.??"]
[WhiteTeam "Marseille"]
[BlackTeam "Cannes"]

1. d4 e6 2. Nf3 f5 3. Nc3 Nf6 4. Bg5 d5 5. e3 Be7 6. Ne5 Nbd7 7. Nxd7 Bxd7 8.
Bxf6 Bxf6 9. f4 c5 10. Qd2 cxd4 11. exd4 Qb6 12. O-O-O Rc8 13. Qe3 O-O 14. Rd2
Rc7 15. Nd1 Rfc8 16. Kb1 a5 17. c3 Qd6 18. Nf2 b5 19. Nd3 b4 20. Nc5 bxc3 21.
bxc3 Rxc5 22. dxc5 Rxc5 23. c4 Rc8 24. Rd3 a4 25. Be2 Qb4+ 26. Kc2 Rxc4+ 0-1

[Event "TOP 16"]
[Site "Marseille"]
[Date "2007.02.09"]
[Round "1.1"]
[White "Kotronias, Vasilios"]
[Black "Eljanov, Pavel"]
[Result "1/2-1/2"]
[WhiteElo "2572"]
[BlackElo "2675"]
[PlyCount "113"]
[EventDate "2007.??.??"]
[WhiteTeam "Antibes"]
[BlackTeam "Paris Chess Club"]

1. e4 d6 2. d4 Nf6 3. Nc3 e5 4. dxe5 dxe5 5. Qxd8+ Kxd8 6. Bc4 Ke8 7. Nf3 Bd6
8. Bg5 Nbd7 9. O-O-O a6 10. a4 h6 11. Bh4 b6 12. Nd5 Nxd5 13. Bxd5 Rb8 14. Bc6
f6 15. Nd2 Bb7 16. Bxb7 Rxb7 17. Nc4 Ke7 18. f3 Nc5 19. b3 Ne6 20. Kb2 Rd8 21.
Bf2 Rbb8 22. g4 Rd7 23. c3 Rbd8 24. Kc2 Bc5 25. Rxd7+ Rxd7 26. Bg3 b5 27. Na5
bxa4 28. bxa4 Be3 29. Nc6+ Ke8 30. Rd1 Nc5 31. a5 Rxd1 32. Kxd1 Kd7 33. Nb4 Nb3
34. Nxa6 Nxa5 35. Ke2 Bg1 36. Nb4 Bc5 37. Nd3 Nb3 38. h4 Bf8 39. h5 Na5 40. Ne1
Nc4 41. Bf2 Kc6 42. Ng2 Kb5 43. Kd3 c5 44. Bg3 Na3 45. Ne3 c4+ 46. Ke2 Ka4 47.
f4 exf4 48. Bxf4 Kb3 49. e5 Nb5 50. e6 Nxc3+ 51. Kf3 Bc5 52. Bb8 Ba3 53. Nf5
Nd5 54. Ke4 Nc3+ 55. Kf3 Nd5 56. Ke4 Nc3+ 57. Kf3 1/2-1/2

. d4 Nf6 3. Nc3 e5 4. dxe5 dxe5 5. Qxd8+ Kxd8 6. Bc4 Ke8 7. Nf3 Bd6
8. Bg5 Nbd7 9. O-O-O a6 10. a4 h6 11. Bh4 b6 12. Nd5 Nxd5 13. Bxd5 Rb8 14. Bc6
f6 15. Nd2 Bb7 16. Bxb7 Rxb7 17. Nc4 Ke7 18. f3 Nc5 19. b3 Ne6 20. Kb2 Rd8 21.
Bf2 Rbb8 22. g4 Rd7 23. c3 Rbd8 24. Kc2 Bc5 25. Rxd7+ Rxd7 26. Bg3 b5 27. Na5
bxa4 28. bxa4 Be3 29. Nc6+ Ke8 30. Rd1 Nc5 31. a5 Rxd1 32. Kxd1 Kd7 33. Nb4 Nb3
34. Nxa6 Nxa5 35. Ke2 Bg1 36. Nb4 Bc5 37. Nd3 Nb3 38. h4 Bf8 39. h5 Na5 40. Ne1
Nc4 41. Bf2 Kc6 42. Ng2 Kb5 43. Kd3 c5 44. Bg3 Na3 45. Ne3 c4+ 46. Ke2 Ka4 47.
f4 exf4 48. Bxf4 Kb3 49. e5 Nb5 50. e6 Nxc3+ 51. Kf3 Bc5 52. Bb8 Ba3 53. Nf5
Nd5 54. Ke4 Nc3+ 55. Kf3 Nd5 56. Ke4 Nc3+ 57. Kf3 1/2-1/2

[Event "TOP 16"]
[Site "Marseille"]
[Date "2007.02.09"]
[Round "1.2"]
[White "Nielsen, Peter Heine"]
[Black "Damljanovic, Branko"]
[Result "1/2-1/2"]
[WhiteElo "2651"]
[BlackElo "2590"]
[PlyCount "146"]
[EventDate "2007.??.??"]
[WhiteTeam "Paris Chess Club"]
[BlackTeam "Antibes"]

1. Nf3 c5 2. c4 Nf6 3. g3 b6 4. Bg2 Bb7 5. O-O e6 6. Nc3 a6 7. Re1 d6 8. e4
Nbd7 9. d4 cxd4 10. Nxd4 Qc7 11. Nd5 exd5 12. exd5+ Ne5 13. f4 O-O-O 14. fxe5
dxe5 15. Nf5 h5 16. h3 Bc5+ 17. Kh1 g6 18. Bg5 gxf5 19. Bxf6 e4 20. Bxd8 Kxd8
21. d6 Qxd6 22. Rf1 Bc8 23. Qe1 Ke7 24. Rd1 Qg6 25. Qc3 Rg8 26. Qe5+ Be6 27.
Qc7+ Kf8 28. Rd8+ Kg7 29. Qe5+ Kh7 30. Rxg8 Kxg8 31. Rd1 Qg7 32. Qf4 Kh7 33.
Qh4 Kh6 34. Qf4+ Qg5 35. Qb8 Kh7 36. h4 Qe3 37. Qe5 a5 38. Kh2 Bf8 39. b3 Bg7
40. Qf4 Bh6 41. Qe5 Bg7 42. Qf4 Bh6 43. Qxe3 Bxe3 44. Bh3 Kg6 45. Kg2 Kf6 46.
Rd8 Bc5 47. Rh8 Kg6 48. Rg8+ Kh6 49. Kf1 Be7 50. Ke2 Kh7 51. Rb8 Bc5 52. Bf1
Kg7 53. Rd8 Kf6 54. Ke1 Ke5 55. Bh3 Kf6 56. Rg8 Be3 57. Ke2 Bc5 58. Kd1 Be3 59.
Rh8 Kg6 60. Bg2 Bd4 61. Rg8+ Kh7 62. Rb8 Kg7 63. Bf1 Bf2 64. Bh3 Bxg3 65. Rxb6
Kf6 66. c5 Ke5 67. Rb5 Bd5 68. c6 Kd4 69. Bxf5 Bxc6 70. Rxa5 e3 71. Ke2 Bc7 72.
Ra4+ Bxa4 73. bxa4 Bd8 1/2-1/2

[Event "TOP 16"]
[Site "Marseille"]
[Date "2007.02.09"]
[Round "1.3"]
[White "Ivanisevic, Ivan"]
[Black "Nataf, Igor-Alexandre"]
[Result "0-1"]
[WhiteElo "2602"]
[BlackElo "2589"]
[PlyCount "86"]
[EventDate "2007.??.??"]
[WhiteTeam "Antibes"]
[BlackTeam "Paris Chess Club"]

1. d4 Nf6 2. Bg5 Ne4 3. Bf4 c5 4. f3 Qa5+ 5. c3 Nf6 6. d5 Qb6 7. e4 Qxb2 8. Nd2
Qxc3 9. Bc7 d6 10. Ne2 Qe3 11. Nc4 Qh6 12. Ba5 g5 13. Bd2 Qh4+ 14. g3 Qh5 15.
Bg2 Bh6 16. g4 Qg6 17. Qc1 Bg7 18. h4 h5 19. hxg5 hxg4 20. Rxh8+ Bxh8 21. gxf6
gxf3 22. Bxf3 Qxf6 23. Bc3 Qxf3 24. Bxh8 Qh1+ 25. Kd2 Qxh8 26. Qh1 Qxh1 27.
Rxh1 Nd7 28. Rh8+ Nf8 29. Nf4 Bd7 30. Rg8 O-O-O 31. Rg7 Be8 32. Ne3 e6 33. Rg8
Bb5 34. Rg7 exd5 35. Nfxd5 Ng6 36. Nc3 Be8 37. Nf5 Ne5 38. Ke3 Bc6 39. Kf4 b5
40. Nxd6+ Rxd6 41. Kxe5 Rd7 42. Rg8+ Kc7 43. a3 Rd3 0-1

[Event "TOP 16"]
[Site "Marseille"]
[Date "2007.02.09"]
[Round "1.4"]
[White "Vallejo Pons, Francisco"]
[Black "Vaisser, Anatoly"]
[Result "1-0"]
[WhiteElo "2679"]
[BlackElo "2554"]
[PlyCount "67"]
[EventDate "2007.??.??"]
[WhiteTeam "Paris Chess Club"]
[BlackTeam "Antibes"]

1. d4 Nf6 2. Nf3 c5 3. d5 b5 4. Bg5 d6 5. e4 a6 6. Nbd2 Nbd7 7. a4 b4 8. a5 g6
9. Bd3 Bg7 10. Nc4 Qc7 11. O-O O-O 12. Qd2 Re8 13. h3 Bb7 14. Bf4 Bf8 15. Bh2
e6 16. e5 exd5 17. Nxd6 Bxd6 18. exd6 Qc6 19. Rfe1 Ne4 20. Qf4 f6 21. h4 Re6
22. Nd2 c4 23. Rxe4 Rxe4 24. Nxe4 dxe4 25. Be2 Kg7 26. Rd1 c3 27. b3 Qc5 28.
Qg4 Nf8 29. d7 Qxa5 30. Bd6 h5 31. Qh3 Bd5 32. Be7 Ne6 33. Qg3 Nd8 34. Qd6 1-0

[Event "TOP 16"]
[Site "Marseille"]
[Date "2007.02.09"]
[Round "1.5"]
[White "Miralles, Gilles"]
[Black "Hauchard, Arnaud"]
[Result "1/2-1/2"]
[WhiteElo "2486"]
[BlackElo "2474"]
[PlyCount "93"]
[EventDate "2007.??.??"]
[WhiteTeam "Antibes"]
[BlackTeam "Paris Chess Club"]

1. d4 Nf6 2. c4 e6 3. Nc3 Bb4 4. a3 Bxc3+ 5. bxc3 b6 6. f3 Ba6 7. e4 Nc6 8. e5
Ng8 9. Nh3 Na5 10. Qa4 Ne7 11. Ng5 h6 12. Ne4 Nf5 13. c5 Bxf1 14. Kxf1 Qc8 15.
Kf2 Qa6 16. Rd1 Qc4 17. Qxc4 Nxc4 18. Rb1 d5 19. exd6 cxd6 20. cxb6 axb6 21. d5
Ke7 22. Rb4 Rhc8 23. g4 Nh4 24. Rd4 exd5 25. Rxd5 Ra5 26. Rd4 d5 27. Nd2 Nxa3
28. Bxa3 Rxa3 29. Rxd5 g5 30. Rxb6 Rcxc3 31. Rb7+ Ke6 32. Rdd7 f5 33. Re7+ Kf6
34. gxf5 Kxf5 35. Rb5+ Kf6 36. Reb7 Rc2 37. R5b6+ Ke5 38. Re7+ Kd5 39. Rd7+ Kc5
40. Rxh6 Rxf3+ 41. Ke2 Rfc3 42. Rd3 Rxd3 43. Kxd3 Ra2 44. Ne4+ Kb4 45. Rb6+ Ka5
46. Rb8 Rxh2 47. Ng3 1/2-1/2

[Event "TOP 16"]
[Site "Marseille"]
[Date "2007.02.09"]
[Round "1.6"]
[White "Vachier-Lagrave, Maxime"]
[Black "Acher, Mathieu"]
[Result "1/2-1/2"]
[WhiteElo "2573"]
[BlackElo "2358"]
[PlyCount "148"]
[EventDate "2007.??.??"]
[WhiteTeam "Paris Chess Club"]
[BlackTeam "Antibes"]

1. e4 e5 2. Nf3 Nc6 3. Bb5 a6 4. Ba4 Nf6 5. d3 d6 6. c3 Be7 7. O-O O-O 8. Nbd2
b5 9. Bb3 Na5 10. Bc2 c5 11. d4 Nd7 12. Re1 exd4 13. cxd4 Nc6 14. d5 Nce5 15.
Nxe5 Nxe5 16. Nf1 Ng6 17. a4 Bd7 18. Be3 Bf6 19. Ra2 Re8 20. Nd2 Bg5 21. axb5
Bxe3 22. Rxe3 axb5 23. Rxa8 Qxa8 24. Ra3 Qd8 25. Ra7 c4 26. Nf1 Ne5 27. Qd4 Qf6
28. Qe3 Ng4 29. Qg3 Bc8 30. h3 Qxb2 31. hxg4 Qxc2 32. Qf4 Rf8 33. Ne3 Qb1+ 34.
Kh2 c3 35. Rc7 b4 36. Nc4 c2 37. Nxd6 Bd7 38. e5 b3 39. e6 fxe6 40. dxe6 c1=Q
41. Rxc1 Rxf4 42. Rxb1 Bxe6 43. f3 Rb4 44. Rb2 Kf8 45. Ne4 Ke7 46. Kg3 Bd5 47.
Nc3 Bc6 48. Kf2 Kd6 49. Ke3 Kc5 50. Kd2 Rd4+ 51. Kc1 Kb4 52. Nd1 Ka3 53. Re2
Bb5 54. Re7 Rc4+ 55. Kb1 Rc8 56. Ra7+ Kb4 57. Ne3 Re8 58. Nd5+ Kc4 59. Ne7 Rd8
60. Rc7+ Kb4 61. Nc6+ Bxc6 62. Rxc6 Rd1+ 63. Kb2 Rd2+ 64. Kb1 Rxg2 65. Rc7 Rg1+
66. Kb2 Rg2+ 67. Kb1 g5 68. Rxh7 Rg1+ 69. Kb2 Rg2+ 70. Kb1 Kc3 71. Rc7+ Kd4 72.
Rg7 Kc3 73. Rc7+ Kd4 74. Rg7 Kc3 1/2-1/2

[Event "TOP 16"]
[Site "Marseille"]
[Date "2007.02.09"]
[Round "1.7"]
[White "Bijaoui, Manuel"]
[Black "Spiridonov, Nikola"]
[Result "1-0"]
[WhiteElo "2396"]
[BlackElo "2365"]
[PlyCount "85"]
[EventDate "2007.??.??"]
[WhiteTeam "Antibes"]
[BlackTeam "Paris Chess Club"]

1. e4 Nf6 2. e5 Nd5 3. d4 d6 4. c4 Nb6 5. exd6 exd6 6. Nc3 Be7 7. h3 O-O 8. Nf3
Bf6 9. Be2 Re8 10. O-O Nc6 11. Bf4 Bf5 12. Rc1 h6 13. Qd2 d5 14. cxd5 Nxd5 15.
Nxd5 Qxd5 16. Rc5 Rxe2 17. Rxd5 Rxd2 18. Bxd2 Be4 19. Rd7 Rc8 20. Bf4 Bxf3 21.
gxf3 Nxd4 22. Rxc7 Nxf3+ 23. Kg2 Rxc7 24. Bxc7 Nd4 25. Re1 Ne6 26. Be5 Bxe5 27.
Rxe5 Kf8 28. Rb5 Nd8 29. Kf3 Ke7 30. Ke4 g6 31. f4 f5+ 32. Ke5 Nf7+ 33. Kd5 Nd8
34. Ra5 Nc6 35. Ra3 g5 36. Rb3 Nd8 37. fxg5 hxg5 38. Ke5 f4 39. Kf5 Ne6 40.
Rxb7+ Kd6 41. Rf7 f3 42. Kg4 Nf4 43. Rxf4 1-0

[Event "TOP 16"]
[Site "Marseille"]
[Date "2007.02.09"]
[Round "1.8"]
[White "Aflalo, Sophie"]
[Black "Cochet, Caroline"]
[Result "0-1"]
[WhiteElo "1977"]
[BlackElo "2047"]
[PlyCount "143"]
[EventDate "2007.??.??"]
[WhiteTeam "Paris Chess Club"]
[BlackTeam "Antibes"]

1. e4 g6 2. Nf3 Bg7 3. d4 c6 4. c4 d6 5. Nc3 Bg4 6. Be2 Nd7 7. O-O Bxf3 8. Bxf3
Ngf6 9. Re1 e5 10. d5 c5 11. g3 O-O 12. Bg2 Ne8 13. a3 Nc7 14. Be3 f5 15. Qc1
f4 16. gxf4 Qh4 17. f5 gxf5 18. Bg5 Qh5 19. exf5 Rxf5 20. Ne4 Qg6 21. Bh4 Bh6
22. Qc3 Bf4 23. Bg3 b5 24. b3 Kh8 25. Kh1 Rg8 26. Rg1 Bxg3 27. Nxg3 Rxf2 28.
Qe3 Qc2 29. Rac1 Qd2 30. Qxd2 Rxd2 31. Ne4 Rb2 32. Nxd6 Rg6 33. Nf7+ Kg7 34.
Bh3 Kxf7 35. Bxd7 Rxg1+ 36. Rxg1 Rxb3 37. d6 Ne6 38. Rd1 Nd4 39. Rf1+ Rf3 40.
Rxf3+ Nxf3 41. Bxb5 Nd4 42. Bd7 Nc2 43. a4 Na3 44. Bc6 Ke6 45. d7 Ke7 46. Kg2
Nxc4 47. Kf3 Nd6 48. Ke3 a5 49. Kd3 Kd8 50. Ke3 Kc7 51. Kd3 h6 52. h3 Kd8 53.
Ke3 c4 54. Kd2 e4 55. Kc2 e3 56. Kc3 Kc7 57. Bf3 Kxd7 58. Kd4 Ke6 59. Bg4+ Kf6
60. h4 Nf5+ 61. Kxc4 Nxh4 62. Kd3 Kg5 63. Bc8 Kf4 64. Bb7 Nf5 65. Ba6 Kf3 66.
Bb5 Kf2 67. Ke4 Nd6+ 68. Kd5 Nxb5 69. axb5 e2 70. b6 e1=Q 71. Kc6 Qc3+ 72. Kb7
0-1

[Event "TOP 16"]
[Site "Vandoeuvre"]
[Date "2007.02.09"]
[Round "1.1"]
[White "Gurevich, Mikhail"]
[Black "Asrian, Karen"]
[Result "1-0"]
[WhiteElo "2635"]
[BlackElo "2634"]
[PlyCount "85"]
[WhiteTeam "Gonfreville"]
[BlackTeam "Bischwiller"]

1. d4 e6 2. c4 Bb4+ 3. Nd2 d5 4. Qa4+ Nc6 5. e3 Nf6 6. Ngf3 O-O 7. a3 Bxd2+ 8.
Bxd2 Ne4 9. Qc2 Nxd2 10. Qxd2 Qf6 11. Qc3 Re8 12. Rd1 Bd7 13. Be2 dxc4 14. Bxc4
Re7 15. O-O Be8 16. Rd2 e5 17. d5 Nb8 18. Rfd1 Qd6 19. Ng5 Nd7 20. Ne4 Qg6 21.
Qb4 Nb6 22. Bb3 Rd7 23. Nc5 Rdd8 24. Qc3 c6 25. d6 Nd5 26. Qxe5 b6 27. Na6 Rac8
28. e4 Nf6 29. f3 Qh6 30. Qc3 Bd7 31. Nb4 Nh5 32. Nd3 Qe3+ 33. Kf1 Be6 34. Bxe6
fxe6 35. Qe5 Qh6 36. g4 Qf6 37. gxh5 Qxf3+ 38. Kg1 Rf8 39. Qxe6+ Kh8 40. d7
Rcd8 41. Re1 Rf6 42. Qe8+ Rf8 43. Qe7 1-0

[Event "TOP 16"]
[Site "Vandoeuvre"]
[Date "2007.02.09"]
[Round "1.3"]
[White "Rausis, Igors"]
[Black "Buhmann, Rainer"]
[Result "1/2-1/2"]
[WhiteElo "2521"]
[BlackElo "2547"]
[PlyCount "31"]
[WhiteTeam "Gonfreville"]
[BlackTeam "Bischwiller"]

1. e4 e6 2. d4 d5 3. Nc3 Nf6 4. Bg5 dxe4 5. Nxe4 Be7 6. Bxf6 gxf6 7. Nf3 f5 8.
Nc3 a6 9. g3 b5 10. Bg2 Bb7 11. O-O O-O 12. Qe2 c5 13. Rfd1 Qc7 14. Qe3 cxd4
15. Nxd4 Bxg2 16. Kxg2 1/2-1/2

[Event "TOP 16"]
[Site "Vandoeuvre"]
[Date "2007.02.09"]
[Round "1.4"]
[White "Netzer, Jean"]
[Black "Collas, Didier"]
[Result "1/2-1/2"]
[WhiteElo "2404"]
[BlackElo "2466"]
[PlyCount "95"]
[WhiteTeam "Bischwiller"]
[BlackTeam "Gonfreville"]

1. e4 c5 2. Nf3 d6 3. d4 cxd4 4. Nxd4 Nf6 5. Nc3 a6 6. Be2 e5 7. Nb3 Be7 8. O-O
O-O 9. Kh1 Nbd7 10. a4 b6 11. Be3 Bb7 12. f3 Rc8 13. Rf2 Rc7 14. Bf1 Qa8 15.
Rd2 Rd8 16. a5 b5 17. Bb6 Nxb6 18. axb6 Rc6 19. Bxb5 Rxb6 20. Qg1 Rxb5 21. Nxb5
Qb8 22. Nc3 Qc7 23. Qa7 Ra8 24. Qe3 Bc8 25. Qd3 Rb8 26. Ra4 h5 27. Qc4 Qb6 28.
Qe2 h4 29. Qf2 h3 30. gxh3 Qc7 31. h4 Kh7 32. Ra1 Rb4 33. h5 Bb7 34. Qa7 Qc8
35. Qf2 Qh3 36. Qg2 Qxh5 37. Rg1 g6 38. Rd3 Kg7 39. Nd2 Qh8 40. b3 Nh5 41. Ne2
a5 42. Ra1 Qa8 43. Nc4 a4 44. Rxa4 Rxa4 45. bxa4 Qxa4 46. Ne3 Ba6 47. c4 Bxc4
48. Nxc4 1/2-1/2

[Event "TOP 16"]
[Site "Vandoeuvre"]
[Date "2007.02.09"]
[Round "1.5"]
[White "Degraeve, Jean-Marc"]
[Black "Wagner, Claude"]
[Result "1/2-1/2"]
[WhiteElo "2548"]
[BlackElo "2358"]
[PlyCount "50"]
[WhiteTeam "Gonfreville"]
[BlackTeam "Bischwiller"]

1. e4 c5 2. Nf3 Nc6 3. d4 cxd4 4. Nxd4 Nf6 5. Nc3 e5 6. Ndb5 d6 7. Bg5 a6 8.
Na3 b5 9. Bxf6 gxf6 10. Nd5 Bg7 11. Bd3 Ne7 12. Nxe7 Qxe7 13. O-O O-O 14. c4 f5
15. Qf3 d5 16. cxd5 fxe4 17. Bxe4 Rb8 18. Rad1 Rb6 19. Bf5 Rf6 20. d6 Rxd6 21.
Rxd6 Qxd6 22. Nc2 Bxf5 23. Qxf5 Qg6 24. Qxg6 hxg6 25. Nb4 Rd8 1/2-1/2

[Event "TOP 16"]
[Site "Vandoeuvre"]
[Date "2007.02.09"]
[Round "1.6"]
[White "Heinz, Timothee"]
[Black "Payen, Arnaud"]
[Result "1/2-1/2"]
[WhiteElo "2300"]
[BlackElo "2381"]
[PlyCount "118"]
[WhiteTeam "Bischwiller"]
[BlackTeam "Gonfreville"]

1. e4 e5 2. Nf3 Nc6 3. Bb5 Nf6 4. Qe2 a6 5. Ba4 b5 6. Bb3 Bc5 7. c3 O-O 8. O-O
d5 9. d3 d4 10. cxd4 Nxd4 11. Nxd4 Bxd4 12. Be3 c5 13. Nc3 Be6 14. Bxe6 fxe6
15. Rac1 Qd6 16. Bxd4 Qxd4 17. Nd1 Rac8 18. Ne3 Rfd8 19. Rfd1 Qd6 20. Qe1 Nd7
21. Qc3 Rc6 22. Kf1 Rdc8 23. Rc2 Nb6 24. Ng4 Nd7 25. Ne3 Qe7 26. Kg1 Rd6 27.
Rcc1 Rf8 28. Qc2 Qh4 29. Qe2 h5 30. g3 Qf6 31. h4 g6 32. Kg2 Kg7 33. Ra1 Nb8
34. Rac1 Nc6 35. Nc2 Rd7 36. Qe3 Rdf7 37. Rd2 Qe7 38. Na1 Nd4 39. Nb3 Rf3 40.
Qe1 Nxb3 41. axb3 g5 42. Qh1 Qf6 43. Rcc2 g4 44. Qa1 Rf7 45. Qxa6 Rxg3+ 46.
Kxg3 Qf3+ 47. Kh2 Qh3+ 48. Kg1 g3 49. f3 Rxf3 50. Qa1 Qxh4 51. Kg2 Rf4 52. Qh1
Qg4 53. Qe1 h4 54. Kh1 h3 55. Qd1 Rf3 56. b4 Qf4 57. Kg1 Qe3+ 58. Kh1 Qf4 59.
Kg1 Qe3+ 1/2-1/2

[Event "TOP 16"]
[Site "Vandoeuvre"]
[Date "2007.02.09"]
[Round "1.7"]
[White "Eliet, Nicolas"]
[Black "Mensch, Etienne"]
[Result "1-0"]
[WhiteElo "2440"]
[BlackElo "2312"]
[PlyCount "105"]
[WhiteTeam "Gonfreville"]
[BlackTeam "Bischwiller"]

1. d4 Nf6 2. c4 d6 3. Nc3 Nbd7 4. Nf3 e5 5. Bg5 Be7 6. e3 O-O 7. Qc2 c6 8. Be2
Re8 9. O-O a5 10. Rfd1 Qc7 11. Bh4 exd4 12. Nxd4 Ne5 13. Nf5 Bxf5 14. Qxf5 Rad8
15. Bg3 Bf8 16. Rd4 Nfd7 17. Rad1 Nc5 18. Qc2 Qb6 19. R4d2 Be7 20. Na4 Nxa4 21.
Qxa4 g6 22. h3 Qb4 23. Qxb4 axb4 24. c5 Nd7 25. cxd6 Bf6 26. Rc1 Ra8 27. Bc4
Red8 28. Bb3 Kg7 29. Rc4 c5 30. Rc1 b5 31. Bd5 Ra6 32. b3 Bc3 33. Rdc2 f6 34.
Bb7 Rb6 35. Be4 f5 36. Bd3 Kf6 37. f4 Kg7 38. Be1 Rxd6 39. Bxc3+ bxc3 40. Bxb5
Nf6 41. Rxc3 Rd1+ 42. Rxd1 Rxd1+ 43. Kh2 h5 44. Bc6 Rd2 45. a4 h4 46. Bf3 Rb2
47. a5 g5 48. fxg5 Nh7 49. a6 Nxg5 50. Bb7 Ra2 51. Rxc5 Ne4 52. Bxe4 fxe4 53.
Rc7+ 1-0

[Event "TOP 16"]
[Site "Vandoeuvre"]
[Date "2007.02.09"]
[Round "1.8"]
[White "Lallemand, Roza"]
[Black "Collas, Silvia"]
[Result "1-0"]
[WhiteElo "2202"]
[BlackElo "2389"]
[PlyCount "61"]
[WhiteTeam "Bischwiller"]
[BlackTeam "Gonfreville"]

1. e4 c5 2. Nf3 e6 3. d4 cxd4 4. Nxd4 a6 5. Nc3 d6 6. Be2 Nf6 7. O-O Be7 8. f4
Qc7 9. Kh1 O-O 10. Qe1 Re8 11. Qg3 Nc6 12. Be3 Nxd4 13. Bxd4 b5 14. a3 Bb7 15.
Rae1 Bc6 16. Bd3 Qb7 17. Bxf6 Bxf6 18. e5 Be7 19. Ne4 Bxe4 20. Bxe4 d5 21. Bd3
b4 22. f5 exf5 23. Bxf5 Bf8 24. axb4 Qxb4 25. Rf4 Qd2 26. Ref1 g6 27. e6 Kh8
28. exf7 Re3 29. Qg4 Bd6 30. Bxg6 Re1 31. Qh4 1-0

[Event "TOP 16"]
[Site "Vandoeuvre"]
[Date "2007.02.09"]
[Round "1.1"]
[White "Kasimdzhanov, Rustam"]
[Black "Lepelletier, Benoit"]
[Result "1/2-1/2"]
[WhiteElo "2682"]
[BlackElo "2421"]
[PlyCount "85"]
[WhiteTeam "Vandoeuvre"]
[BlackTeam "Creteil"]

1. e4 e5 2. Nf3 Nc6 3. Bb5 Bc5 4. O-O Nd4 5. b4 Bxb4 6. Nxd4 exd4 7. Bb2 Bc5 8.
c3 Ne7 9. cxd4 Bb6 10. d5 O-O 11. Bc4 d6 12. d4 Ng6 13. Kh1 Re8 14. Nc3 f5 15.
f3 Bd7 16. Qd3 Qg5 17. Ne2 fxe4 18. fxe4 Rf8 19. Ng3 Rxf1+ 20. Rxf1 Rf8 21.
Rxf8+ Kxf8 22. Qf1+ Qf4 23. Qe1 Bg4 24. a4 a5 25. Bc3 h5 26. h3 h4 27. Ne2 Bxe2
28. Qxe2 Qc1+ 29. Qf1+ Qxf1+ 30. Bxf1 Nf4 31. Kg1 c6 32. dxc6 bxc6 33. Kf2 Ne6
34. Ke3 g5 35. Be2 Ke7 36. Bg4 Nf4 37. Bf3 d5 38. Bb2 Kf6 39. Bc3 Kf7 40. Bd2
Kf6 41. Be1 Ke7 42. exd5 cxd5 43. Bf2 1/2-1/2

[Event "TOP 16"]
[Site "Vandoeuvre"]
[Date "2007.02.09"]
[Round "1.2"]
[White "Bouchet, Nicolas"]
[Black "Nijboer, Friso"]
[Result "0-1"]
[WhiteElo "2320"]
[BlackElo "2638"]
[PlyCount "80"]
[WhiteTeam "Creteil"]
[BlackTeam "Vandoeuvre"]

1. e4 c5 2. c3 Nf6 3. e5 Nd5 4. d4 cxd4 5. Nf3 Nc6 6. Bc4 Nb6 7. Bb3 d5 8. exd6
Qxd6 9. O-O Be6 10. Bxe6 Qxe6 11. Nxd4 Nxd4 12. Qxd4 Rd8 13. Qf4 g6 14. Be3 Bg7
15. Bxb6 axb6 16. Na3 Qc6 17. Qb4 Rd5 18. Rad1 Rg5 19. g3 Bf6 20. Rd3 O-O 21.
Rfd1 Kg7 22. c4 h5 23. Rb3 Qe4 24. Qxb6 Qe2 25. Rb1 h4 26. Qe3 Qh5 27. Qf3 hxg3
28. hxg3 Qh3 29. Rd1 Rh8 30. Qg2 Qg4 31. Rd5 Qe2 32. Re3 Qxb2 33. Qf1 Rxd5 34.
cxd5 Qxa2 35. Qd1 Rc8 36. d6 exd6 37. Qxd6 Qa1+ 38. Kg2 Rh8 39. Kf3 Qh1+ 40.
Ke2 Rd8 0-1